| 000 | 00456nam a2200169Ia 4500 | ||
|---|---|---|---|
| 008 | 230711s9999||||xx |||||||||||||| ||und|| | ||
| 020 | _a978-81-8014-195-9 | ||
| 041 | _aENG | ||
| 082 |
_a724.91 _bMU-M |
||
| 100 | _aMurthy,Vedula V.L.N | ||
| 245 | 0 | _aModern, Postmodern Architecture and Pioneer Architects | |
| 250 | _a1st Ed. | ||
| 260 |
_c2013 _aNew Delhi _bStandard Publishing Distributors |
||
| 300 | _a292p. | ||
| 650 | _aArchitecture | ||
| 942 | _cBK | ||
| 999 |
_c6514 _d6514 |
||